| 000 | 00656nam a2200241 a 4500 | ||
|---|---|---|---|
| 001 | 13089 | ||
| 003 | BD-JhCC | ||
| 005 | 20230625091523.0 | ||
| 008 | 230625s20072006nyu |||| |||| 000 0 eng d | ||
| 020 | _a9780099464921 | ||
| 035 | _a(BD-JhCC)13089 | ||
| 040 |
_aBD-JhCC _dBD-JhCC |
||
| 041 | _aeng | ||
| 082 |
_a158.2 _bGOL 2007 |
||
| 100 | _aGoleman, Daniel | ||
| 245 |
_aSocila intelligence : _bthe new science of human relationships / _cDaniel Goleman |
||
| 260 |
_aNew York : _bPenguin Books, _c2007. |
||
| 300 |
_a403 p. : _c21 cm. |
||
| 504 | _aIncludes Index. | ||
| 650 | _aSocial intelligence | ||
| 650 | _aSocial skills | ||
| 942 |
_2ddc _cBK |
||
| 999 |
_c13089 _d13089 |
||